Ethical and professional standards and quantitative methods / (Record no. 26154)

MARC details
000 -LEADER
fixed length control field 00854nam a22002535a 4500
005 - DATE AND TIME OF LATEST TRANSACTION
control field 20180220121050.0
008 - FIXED-LENGTH DATA ELEMENTS--GENERAL INFORMATION
fixed length control field 170418t2008 maua frbd 001 0 eng d
020 ## - INTERNATIONAL STANDARD BOOK NUMBER
International Standard Book Number 0536341788
020 ## - INTERNATIONAL STANDARD BOOK NUMBER
International Standard Book Number 9780536341785
040 ## - CATALOGING SOURCE
Original cataloging agency EG-ScBUE
Language of cataloging eng
Transcribing agency EG-ScBUE
082 04 - DEWEY DECIMAL CLASSIFICATION NUMBER
Classification number 332.076
Item number ETH
Edition number 22
110 1# - MAIN ENTRY--CORPORATE NAME
Corporate name or jurisdiction name as entry element CFA Institute.
245 10 - TITLE STATEMENT
Title Ethical and professional standards and quantitative methods /
Statement of responsibility, etc CFA Institute.
260 ## - PUBLICATION, DISTRIBUTION, ETC. (IMPRINT)
Place of publication, distribution, etc Boston :
Name of publisher, distributor, etc Pearson Custom Publ. :
-- CFA Institute,
Date of publication, distribution, etc c.2008
300 ## - PHYSICAL DESCRIPTION
Extent 1 v. :
Other physical details ill. (col.) ;
Dimensions 28 cm.
490 0# - Series Statement
Series statement CFA program curriculum ;
Volume/sequential designation v. 1
500 ## - GENERAL NOTE
General note Includes glossary.
504 ## - BIBLIOGRAPHY, ETC. NOTE
Bibliography, etc Includes bibliographical references and index.
541 ## - IMMEDIATE SOURCE OF ACQUISITION NOTE
Source of acquisition D. Mohammed Shoman ;
650 #7 - SUBJECT ADDED ENTRY--TOPICAL TERM
Topical term or geographic name as entry element Finance.
Form subdivision Examinations, questions, etc.
Source of heading or term BUEsh
651 ## - SUBJECT ADDED ENTRY--GEOGRAPHIC NAME
Source of heading or term BUEsh
653 ## - INDEX TERM--UNCONTROLLED
Resource For college BAEPS, Economics
Arrived date list February2018
942 ## - ADDED ENTRY ELEMENTS (KOHA)
Source of classification or shelving scheme Dewey Decimal Classification
Holdings
Withdrawn status Item status Source of classification or shelving scheme Damaged status Not for loan Vendor Home library Current library Shelving location Date acquired Source of acquisition Total Checkouts Full call number Barcode Date last seen Date last borrowed Koha item type
    Dewey Decimal Classification     Donation-Gift Central Library Central Library First floor 20/02/2018 Donation 1 332.076 ETH 000042999 15/07/2025 04/03/2019 Book - Borrowing